000 01052cgm a2200325 4500
001 E2130
008 090401t1994 xxu||||| |||| 00| 0 eng d
035 _a(Sirsi) u37661
041 _aeng
041 _aeng
050 _a368.56
_c18
100 _aBaker, Keith
245 _aDisaster calls! Pre and post disaster planning and claims settlement
_h[sound recording]
260 _aLondon
_bRICS
_c1994
300 _a1 sound cassette (ca. 60 min.)
350 _a15
490 _aOwlion Audio Programme
520 _aAnalyses the interactive roles of the chartered surveyor and the chartered loss adjuster in relation to pre and post disaster planning and claims settlement.
650 _aCLAIMS SETTLEMENT
650 _aDISASTER CALLS
650 _aDISASTER PLANNING
650 _aInsurance
_96249
690 _aINSURANCE
_96249
700 _aStrong, Gary
700 _aAnderson, John
710 _aRoyal Institution of Chartered Surveyors
_94900
710 _aCollege of Estate Management
_9400
942 _n0
948 _c04/03/1997
999 _c85225
_d85225